Una propuesta interpretativa sobre la responsabilidad en materia de Seguridad Social en las contratas y subcontratas apartados 1º y 2º del art. 42 ET) (Registro nro. 49254)
[ vista simple ]
| 000 -CABECERA | |
|---|---|
| Longitud fija campo de control | 01107naa a2200265 c 4500 |
| 001 - NÚMERO DE CONTROL | |
| Número de control | 49254 |
| 003 - IDENTIFICADOR DE NÚMERO DE CONTROL | |
| Identificador del número de control | ES-MaCES |
| 005 - FECHA Y HORA DE LA ÚLTIMA TRANSACCIÓN | |
| Fecha y hora de la última transacción | 20170420122712.0 |
| 008 - CAMPO FIJO DE DESCRIPCIÓN FIJA--INFORMACIÓN GENERAL | |
| Códigos de información de longitud fija | 170420s2016 sp ||||| t||||||| ||spa d |
| 040 ## - FUENTE DE CATALOGACIÓN | |
| Centro catalogador de origen | ES-MaCES |
| Lengua de catalogación | spa |
| Centro transcriptor | ES-MaCES |
| Centro modificado | ES-MaCES |
| 100 1# - ENCABEZAMIENTO PRINCIPAL--NOMBRE PERSONAL | |
| 9 (RLIN) | 37208 |
| Nombre de persona | Beltrán de Heredia Ruiz, Ignasi |
| 245 14 - MENCIÓN DE TÍTULO | |
| Título | Una propuesta interpretativa sobre la responsabilidad en materia de Seguridad Social en las contratas y subcontratas apartados 1º y 2º del art. 42 ET) |
| Mención de responsabilidad, etc. | Ignasi Beltrán de Heredia Ruiz |
| 500 ## - NOTA GENERAL | |
| Nota general | Resumen |
| 504 ## - NOTA DE BIBLIOGRAFÍA, ETC. | |
| Nota de bibliografía, etc. | Bibliografía: p. 1059-1060 |
| 650 #4 - ASIENTO SECUNDARIO DE MATERIA--TÉRMINO DE MATERIA | |
| 9 (RLIN) | 28256 |
| Término de materia o nombre geográfico como elemento inicial | subcontratación |
| 650 #4 - ASIENTO SECUNDARIO DE MATERIA--TÉRMINO DE MATERIA | |
| 9 (RLIN) | 29009 |
| Término de materia o nombre geográfico como elemento inicial | contrata |
| 650 #4 - ASIENTO SECUNDARIO DE MATERIA--TÉRMINO DE MATERIA | |
| 9 (RLIN) | 28310 |
| Término de materia o nombre geográfico como elemento inicial | trabajo subcontratado |
| 650 #4 - ASIENTO SECUNDARIO DE MATERIA--TÉRMINO DE MATERIA | |
| 9 (RLIN) | 30146 |
| Término de materia o nombre geográfico como elemento inicial | responsabilidad del empleador |
| 650 #4 - ASIENTO SECUNDARIO DE MATERIA--TÉRMINO DE MATERIA | |
| 9 (RLIN) | 27034 |
| Término de materia o nombre geográfico como elemento inicial | seguridad social |
| 650 #4 - ASIENTO SECUNDARIO DE MATERIA--TÉRMINO DE MATERIA | |
| 9 (RLIN) | 30784 |
| Término de materia o nombre geográfico como elemento inicial | Estatuto de los Trabajadores |
| 653 10 - TÉRMINO DE INDEXACIÓN--NO CONTROLADO | |
| Término no controlado | Seguridad Social |
| 773 0# - ENTRADA DE DOCUMENTO FUENTE | |
| Itemnumber del ítem fuente | 85692 |
| Lugar, editor y fecha de publicación | Madrid Lefebvre El Derecho 2015- |
| Otro identificador del documento | 088590 |
| Título | Derecho de las relaciones laborales |
| Número de control del registro relacionado | (ES-MaCES)46200 |
| Parte(s) relacionada(s) | n. 11 (dic. 2016) {55/1131 R. 088590} ;p. 1052-1060 |
| 902 ## - CES. TIPO DE DOCUMENTO | |
| Tipodoc (006$c Sirtex) | ART Artículo de revista |
| 942 ## - ELEMENTOS KOHA | |
| Fuente de clasificaión o esquema | Clasificación propia del CES |
| Koha [por defecto] tipo de item | Artículos (1982-2017) |
| Parte de clasificación | Seguridad social |
No hay ítems disponibles.
